Statistics for Most Populous Counties in California

Click here to take the quiz!

General Stats

  • This quiz has been taken 25 times
  • The average score is 11 of 15

Answer Stats

PopulationCounty% Correct
10,014,009{Los Angeles} County
96%
3,186,989{Orange} County
96%
873,965{San Francisco} County
96%
2,181,654{San Bernardino} County
92%
3,298,634{San Diego} County
92%
1,585,055{Sacramento} County
88%
1,008,654{Fresno} County
79%
2,418,185{Riverside} County
75%
1,682,353{Alameda} County
67%
1,936,259{Santa Clara} County
67%
843,843{Ventura} County
58%
764,442{San Mateo} County
54%
909,235{Kern} County
50%
1,165,927{Contra Costa} County
42%
779,233{San Joaquin} County
33%

Score Distribution

Percentile by Number Answered

Percent of People with Each Score

Your Score History

You have not taken this quiz